[Event "GRE-ch U10 Girls"]
[Site "Greece"]
[Date "2001.04.08"]
[Round "2"]
[White "Kourtoglou, Sofia"]
[Black "Mplatsi, Z."]
[Result "1-0"]
[WhiteElo "1240"]
[BlackElo "1155"]
[PlyCount "85"]
[EventDate "2001.04.??"]
[EventType "swiss"]
[EventRounds "7"]
[EventCountry "GRE"]
[SourceTitle "EXT 2003"]
[Source "ChessBase"]
[SourceDate "2002.11.25"]
[SourceVersion "1"]
[SourceVersionDate "2002.11.25"]
[SourceQuality "1"]

1. c4 e5 2. Nc3 Nf6 3. d3 Bb4 4. Bd2 0-0 5. Nf3 Nc6 6. g3 d6 7. Bg2 Re8 8. 0-0 Bxc3 9. Bxc3 Bd7 10. Re1 Qc8 11. d4 exd4 12. Nxd4 Nxd4 13. Bxd4 Re6 14. Qb3 c6 15. Bh3 Re7 16. Bxd7 Nxd7 17. Qf3 c5 18. Be3 Ne5 19. Qd5 Qd7 20. Rad1 Rd8 21. Bg5 Ng6 22. Bxe7 Nxe7 23. Qf3 d5 24. cxd5 Nxd5 25. Rd2 Qe6 26. Red1 h6 27. Rxd5 Rxd5 28. Rxd5 Qb6 29. Rd7 Qe6 30. Rxb7 Qxa2 31. b3 Qb1+ 32. Kg2 Qg6 33. Rxa7 Qe6 34. Qa8+ Kh7 35. e3 Qxb3 36. Qf8 Qd5+ 37. f3 Qd2+ 38. Kh3 Qxe3 39. Qxf7 Qe5 40. f4 Qd4 41. f5 Qe5 42. Qg6+ Kg8 43. Ra8+ 1-0